|
|
|
|
| LEADER |
01130nab#a2200349#ar4500 |
| 001 |
000103420 |
| 003 |
SVKKK |
| 005 |
20101221150227.0 |
| 008 |
080509c2010 xo |||||||||||||||b|slo |
| FMT |
|
|
|
| 015 |
|
|
|a SNBRB2010/12
|
| 038 |
|
|
|a SVKKK
|
| 040 |
|
|
|a SVKKK
|b slo
|e AACR2
|
| 041 |
0 |
|
|a slo
|b eng
|
| 044 |
|
|
|a xo
|c SK
|
| 080 |
|
|
|a 551.248.2
|x (234.372.3)
|2 1997
|
| 080 |
|
|
|a 061.3
|2 1997
|
| 100 |
1 |
|
|a Madarás, Ján
|4 aut
|
| 245 |
1 |
0 |
|a Medzinárodný terénny workshop so zameraním na neotektonickú aktivitu vikartovského a muránskeho zlomu - Vernár, 15.-18.10.2009
|c Ján Madarás
|
| 300 |
|
|
|b Obr.
|
| 546 |
|
|
|a Res. angl.
|
| 611 |
2 |
4 |
|a Medzinárodný terénny workshop so zameraním na neotektonickú aktivitu vikartovského a muránskeho zlomu
|d (2009 :
|c Vernár, Slovensko)
|
| 650 |
0 |
4 |
|a neotektonika
|z Západné Karpaty (Slovensko)
|x terénne semináre
|x r. 2009
|
| 773 |
0 |
|
|t Mineralia slovaca
|g Roč. 42, č. 2 (2010)
|x 0369-2086
|
| 773 |
0 |
|
|i Príl.:
|t Geovestník
|g Č. 2 (2010), s. 254-255
|
| 958 |
|
|
|a SK
|
| 974 |
|
|
|a Ni
|
| 992 |
|
|
|a RBX
|
| BAS |
|
|
|
| 852 |
|
|
|a SVKKK
|b BIB
|
| EXP |
|
|
|
| 998 |
|
|
|a GEO
|